Normal view
MARC view
- Narayanan Nair, Palai
Entry Personal Name
001 - CONTROL NUMBER
- control field: 5742
003 - CONTROL NUMBER IDENTIFIER
- control field: OSt
005 - DATE AND TIME OF LATEST TRANSACTION
- control field: 20240115144656.0
008 - FIXED-LENGTH DATA ELEMENTS
- fixed length control field: 240115|| aca||aabn | a|a d
040 ## - CATALOGING SOURCE
- Original cataloging agency: OSt
- Transcribing agency: OSt
100 ## - HEADING--PERSONAL NAME
- Personal name: Narayanan Nair, Palai
670 ## - SOURCE DATA FOUND
- Source citation: Work cat.: (OSt)864: Narayanan Nair, Palai ., Keralam Valarunnu, part 2 / , 1959.
